Novinky v obalových plastech
Prvý tuhý a vysokoelastický penový materiál E-por (EPS) s perspektívou použitia ako ľahký a ohybný obalový a tepelneizolačný materiál, najmä v chladiarenskom reťazci. Plastové europalety. Bioplasty z obnoviteľných surovín. PET plasty využívané na nevratné nápojové fľaše.
Gespeichert in:
| 1. Verfasser: | |
|---|---|
| Format: | Buchkapitel |
| Sprache: | Tschechisch |
| Schlagworte: | |
| Tags: |
Keine Tags, Fügen Sie das erste Tag hinzu!
|
MARC
| LEADER | 00000naa a2200000 4500 | ||
|---|---|---|---|
| 001 | 0128477 | ||
| 005 | 20231129095753.1 | ||
| 041 | 0 | |a cze | |
| 044 | |a CZ | ||
| 245 | 1 | 0 | |a Novinky v obalových plastech |c Alexandr Abušinov |
| 520 | |a Prvý tuhý a vysokoelastický penový materiál E-por (EPS) s perspektívou použitia ako ľahký a ohybný obalový a tepelneizolačný materiál, najmä v chladiarenskom reťazci. Plastové europalety. Bioplasty z obnoviteľných surovín. PET plasty využívané na nevratné nápojové fľaše. | ||
| 610 | 2 | 0 | |a balenie |
| 610 | 2 | 0 | |a obaly |
| 610 | 2 | 0 | |a technika obalová |
| 610 | 2 | 0 | |a plasty |
| 610 | 2 | 0 | |a palety |
| 100 | 1 | |a Abušinov, Alexandr | |